| 000 | 01813nam2a22004451 4500 | ||
|---|---|---|---|
| 001 | v19\rc\1775907 | ||
| 005 | 20251118181650.7 | ||
| 035 | _a(NLR Aleph) 005250260 | ||
| 090 |
_a5796402 _c5796402 |
||
| 100 | _a20061204d1904 u y0rusy50 ca | ||
| 101 | 0 | _arus | |
| 102 | _aRU | ||
| 105 | _ay z |||a| | ||
| 135 | _acrmn mmmaaada | ||
| 200 | 1 |
_aБратья Карамазовы _eроман _eв 4 частях с эпилогом _hт. 1 |
|
| 210 | _d1904 | ||
| 215 | _a[4], 344, III с. | ||
| 325 | _aКопия доступна в Электрон. б-ке РНБ http://vivaldi.nlr.ru/bv000030069/view | ||
| 461 | 0 |
_1001v19\rc\1775894 _12001#$aПолное собрание сочинений Ф.М. Достоевского$vТ. 13 _95796280 _aДостоевский, Ф. М. (1821-1881) _cСанкт-Петербург _d1904-1906 _eЮбилейное (6-е) изд. _nиздатель А.Г. Достоевская _p14 т. _tПолное собрание сочинений Ф.М. Достоевского _vТ. 13 |
|
| 686 | 0 | _aШ6(2=Р)52-4 | |
| 801 | 0 |
_aRU _bNLR _gpsbo |
|
| 801 | 0 |
_aRU _bRuMoRGB _2psbo |
|
| 801 | 1 |
_aRU _bProSoft-M _2rusmarc |
|
| 801 | 2 |
_aRU _bNLR _c20110324 _2rusmarc |
|
| 852 |
_aNLR _j37.8.3.1(13) |
||
| 852 |
_aNLR _j132/5322 |
||
| 856 | 0 | _uhttp://vivaldi.nlr.ru/bv000030069/view | |
| 856 | 1 | _uhttp://vivaldi.nlr.ru/bv000030069/cover | |
| 856 | 2 | _uhttp://vivaldi.nlr.ru/bv000030069/text | |
| 899 |
_aRuMoRGB _jA 210/3 |
||
| 899 |
_aRuMoRGB _jA 183/5 |
||
| 899 | _aБАН | ||
| 899 | _aНБ СПбГУ | ||
| 899 | _aГПИБ | ||
| 899 | _aНБ МГУ | ||
| 942 | _cBOOK | ||
| 980 | _aNB | ||
| 981 | 3 | 3 |
_a(33) Художественная литература _b(33) Отечественная литература |